MARC

LEADER 00000nam0a2200000 4500
001 55213
005 20231031051024.0
010 |a 5922103709 
035 |a (RuTPU)RU\TPU\book\57938 
090 |a 55213 
100 |a 20030909d2003 k y0rusy50 ca 
101 0 |a rus 
102 |a RU 
105 |a a z 001zy 
200 1 |a Введение в теорию модулированных волн  |f Л. А. Островский, А. И. Потапов 
210 |a Москва  |c Физматлит  |d 2003 
215 |a 399 с.  |c ил. 
320 |a Библиография: с. 375-396. 
320 |a Предметный указатель: с.396-398. 
610 1 |a физика 
610 1 |a модулированные волны 
610 1 |a кинематика 
610 1 |a линейные волны 
610 1 |a дисперсия 
610 1 |a энергия 
610 1 |a импульсы 
610 1 |a вариационные методы 
610 1 |a асимптотики 
610 1 |a геометрическая оптика 
610 1 |a пространственно-временная квазиоптика 
610 1 |a нестационарные среды 
610 1 |a простые волны 
610 1 |a ударные волны 
610 1 |a нелинейные эволюционные уравнения 
610 1 |a нелинейные квазигармонические волны 
610 1 |a солитоны 
675 |a 534.2  |v 3 
700 1 |a Островский  |b Л. А.  |g Лев Аронович 
701 1 |a Потапов  |b А. И.  |g Александр Иванович 
801 1 |a RU  |b 63413507  |c 20030909  |g PSBO 
801 2 |a RU  |b 63413507  |c 20200828  |g PSBO 
942 |c BK